000 00641cam a2200217 4500
001 M2105
008 090401t1996 xxu||||| |||| 00| 0 eng d
035 _a(Sirsi) u96324
041 _aeng
110 _aRoyal Institution of Chartered Surveyors
_94900
245 4 _aThe Party Wall Bill : a briefing before committee stage by the Royal Institution of Chartered Surveyors.
260 _aLondon
_bRICS
_c1996
300 _a3p. ; 30cm.
350 _a4
490 _aRICS Memorandum
_vPU/Report(96)10
650 _aPARTY WALL BILL 1996
650 _aParty walls
_96258
690 _aBUILT ENVIRONMENT
942 _n0
948 _c04/03/1997
999 _c98635
_d98635